000 00328cam a22001217a 4500
008 180718b1980 xxu||||| |||| 00| 0 eng d
082 _aYA6 S115
245 _aOutlines of a critique of technology
_cedited by Phil Slater
260 _aLondon
_bInk Links
_c1980
300 _a141p.
650 _aTechnology
700 _aSlater, Phil
999 _c354643
_d354643